000 00695nam a2200169Ia 4500
008 090123s9999 xx 000 0 und d
082 _b33671
100 _aजायस्वाल जयनारायण
245 _aपोट बिघडले तर आरोग्य बिघडते
250 _a4
260 _bगोपाल ग्रंथ गृह
600 _aजायस्वाल जयनारायण
630 _aपोट बिघडले तर आरोग्य बिघडते
700 _aजायस्वाल जयनारायण
730 _aपोट बिघडले तर आरोग्य बिघडते
942 _cBOOK
999 _c71730
_d71730